[Event "HUN-chT2 Maroczy 0910"]
[Site "Hungary"]
[Date "2010.02.14"]
[Round "6"]
[White "Szaszak, Andras"]
[Black "Mede, Istvan"]
[Result "0-1"]
[WhiteElo "2212"]
[BlackElo "2267"]
[PlyCount "68"]
[EventDate "2009.11.08"]
[EventType "team-tourn"]
[EventRounds "11"]
[EventCountry "HUN"]
[SourceTitle "EXT 2011"]
[Source "ChessBase"]
[SourceDate "2010.11.26"]
[SourceVersion "1"]
[SourceVersionDate "2010.11.26"]
[SourceQuality "1"]
[WhiteTeam "Gyula"]
[BlackTeam "Fenstherm"]
[WhiteTeamCountry "HUN"]
[BlackTeamCountry "HUN"]

1. e4 c5 2. Nf3 Nc6 3. d4 cxd4 4. Nxd4 Nf6 5. Nc3 e5 6. Ndb5 d6 7. Bg5 a6 8. Na3 b5 9. Bxf6 gxf6 10. Nd5 Bg7 11. c3 f5 12. exf5 Bxf5 13. Nc2 0-0 14. Nce3 Be6 15. Bd3 f5 16. Qh5 e4 17. Bc2 Ne7 18. Nf4 Bf7 19. Bb3 d5 20. Qh3 Ng6 21. Nxg6 hxg6 22. Rd1 d4 23. Bxf7+ Rxf7 24. 0-0 d3 25. f3 Qb6 26. fxe4 f4 27. Rxd3 fxe3 28. Qxe3 Rxf1+ 29. Kxf1 Rf8+ 30. Kg1 Qe6 31. Rd5 Re8 32. Qd3 Qb6+ 33. Kh1 Qf2 34. g3 Rxe4 0-1

[Event "HUN-chT2 Toth 0506"]
[Site "Hungary"]
[Date "2006.04.23"]
[Round "11"]
[White "Szaszak, Andras"]
[Black "Brhlik, Gyorgy"]
[Result "1/2-1/2"]
[WhiteElo "2248"]
[BlackElo "2109"]
[PlyCount "24"]
[EventDate "2005.10.16"]
[EventType "team"]
[EventRounds "11"]
[EventCountry "HUN"]
[SourceTitle "EXT 2009"]
[Source "ChessBase"]
[SourceDate "2008.11.26"]
[SourceVersion "1"]
[SourceVersionDate "2008.11.26"]
[SourceQuality "1"]
[WhiteTeam "GyD"]
[BlackTeam "Bekes"]
[WhiteTeamCountry "HUN"]
[BlackTeamCountry "HUN"]

1. e4 Nf6 2. e5 Nd5 3. d4 d6 4. Nf3 Bg4 5. Be2 e6 6. 0-0 Be7 7. c4 Nb6 8. Nc3 0-0 9. Be3 N8d7 10. exd6 cxd6 11. Qb3 Rc8 12. Rac1 a6 1/2-1/2

[Event "HUN-chT2 Toth 0405"]
[Site "Hungary"]
[Date "2004.11.21"]
[Round "3"]
[White "Szaszak, Andras"]
[Black "Deak, Zoltan"]
[Result "1/2-1/2"]
[WhiteElo "2234"]
[BlackElo "2179"]
[PlyCount "46"]
[EventDate "2004.09.26"]
[EventType "team"]
[EventRounds "11"]
[EventCountry "HUN"]
[SourceTitle "EXT 2009"]
[Source "ChessBase"]
[SourceDate "2008.11.26"]
[SourceVersion "1"]
[SourceVersionDate "2008.11.26"]
[SourceQuality "1"]
[WhiteTeam "GYDSE"]
[BlackTeam "Bekes"]
[WhiteTeamCountry "HUN"]
[BlackTeamCountry "HUN"]

1. e4 c6 2. d4 d5 3. Nd2 dxe4 4. Nxe4 Nf6 5. Ng3 g6 6. Nf3 Bg7 7. Be2 Bg4 8. 0-0 Nbd7 9. h3 Bxf3 10. Bxf3 0-0 11. Re1 e6 12. b3 Qc7 13. Bb2 Rac8 14. c4 Rfd8 15. Qe2 a6 16. Rac1 Qd6 17. Rcd1 b5 18. Ne4 Nxe4 19. Bxe4 Nf6 20. Bf3 Ne8 21. d5 exd5 22. cxd5 Bxb2 23. Qxb2 c5 1/2-1/2

[Event "HUN-chT2 Toth 0304"]
[Site "Hungary"]
[Date "2004.04.18"]
[Round "11"]
[White "Szaszak, Andras"]
[Black "Balog, Imre"]
[Result "1-0"]
[WhiteElo "2233"]
[BlackElo "2086"]
[PlyCount "105"]
[EventDate "2003.09.28"]
[EventType "team"]
[EventRounds "11"]
[EventCountry "HUN"]
[SourceTitle "EXT 2009"]
[Source "ChessBase"]
[SourceDate "2008.11.26"]
[SourceVersion "1"]
[SourceVersionDate "2008.11.26"]
[SourceQuality "1"]
[WhiteTeam "GYDSE"]
[BlackTeam "Bekes"]
[WhiteTeamCountry "HUN"]
[BlackTeamCountry "HUN"]

1. e4 e6 2. d4 b6 3. Nf3 Bb7 4. Bd3 c5 5. c3 Nc6 6. 0-0 Nge7 7. Qe2 cxd4 8. cxd4 d5 9. Nc3 a6 10. Bg5 Nb4 11. Bb1 h6 12. Bh4 a5 13. Re1 Ba6 14. Qd1 Rc8 15. a3 g5 16. axb4 gxh4 17. bxa5 bxa5 18. exd5 Nxd5 19. Qa4+ Ke7 20. Nxd5+ Qxd5 21. Be4 Qb5 22. Qxa5 Qxa5 23. Rxa5 Bc4 24. Ne5 Ke8 25. Rc1 f5 26. Bf3 Ba6 27. Rxc8+ Bxc8 28. Ra8 Rg8 29. Rxc8+ Ke7 30. Rc7+ Kf6 31. Nd7+ Kg5 32. Nxf8 Rxf8 33. Kf1 h3 34. g3 f4 35. Ke2 Rd8 36. Rc5+ Kf6 37. Kd3 fxg3 38. fxg3 Rb8 39. Kc3 Rf8 40. Kd3 Kg6 41. Ke2 Rb8 42. Rc2 Rb4 43. d5 e5 44. d6 Kf6 45. d7 Ke7 46. Rd2 Kd8 47. Bh5 Rb5 48. Be8 h5 49. Bxh5 e4 50. Bg4 Rc5 51. b4 Rc3 52. Bxh3 e3 53. Ra2 1-0

[Event "HUN-chT2 Toth 0304"]
[Site "Hungary"]
[Date "2004.02.22"]
[Round "8"]
[White "Banki H, Istvan"]
[Black "Szaszak, Andras"]
[Result "1/2-1/2"]
[WhiteElo "2185"]
[BlackElo "2233"]
[PlyCount "27"]
[EventDate "2003.09.28"]
[EventType "team"]
[EventRounds "11"]
[EventCountry "HUN"]
[SourceTitle "EXT 2009"]
[Source "ChessBase"]
[SourceDate "2008.11.26"]
[SourceVersion "1"]
[SourceVersionDate "2008.11.26"]
[SourceQuality "1"]
[WhiteTeam "Oroshaza"]
[BlackTeam "GYDSE"]
[WhiteTeamCountry "HUN"]
[BlackTeamCountry "HUN"]

1. e4 c5 2. d4 cxd4 3. c3 dxc3 4. Nxc3 e6 5. Nf3 Bc5 6. Bc4 Ne7 7. Bg5 f6 8. Bf4 Ng6 9. Bd6 Qb6 10. Bxc5 Qxc5 11. Bb3 Nc6 12. 0-0 a6 13. Rc1 0-0 14. Nd5 1/2-1/2

[Event "HUN-chT2 Toth 0304"]
[Site "Hungary"]
[Date "2004.01.25"]
[Round "6"]
[White "Konya, Laszlo Jr"]
[Black "Szaszak, Andras"]
[Result "1-0"]
[WhiteElo "2111"]
[BlackElo "2233"]
[PlyCount "73"]
[EventDate "2003.09.28"]
[EventType "team"]
[EventRounds "11"]
[EventCountry "HUN"]
[SourceTitle "EXT 2009"]
[Source "ChessBase"]
[SourceDate "2008.11.26"]
[SourceVersion "1"]
[SourceVersionDate "2008.11.26"]
[SourceQuality "1"]
[WhiteTeam "Karcag"]
[BlackTeam "GYDSE"]
[WhiteTeamCountry "HUN"]
[BlackTeamCountry "HUN"]

1. d4 d5 2. c4 e6 3. Nf3 Nf6 4. Bg5 c6 5. Nc3 Be7 6. e3 Nbd7 7. Qb3 0-0 8. h3 Re8 9. Be2 b6 10. Rc1 Bb7 11. cxd5 exd5 12. 0-0 Bd6 13. a4 h6 14. Bxf6 Nxf6 15. a5 b5 16. Ra1 Qe7 17. Qc2 a6 18. Nd2 c5 19. dxc5 Bxc5 20. Nb3 Bd6 21. Bf3 Qe5 22. Rfd1 b4 23. Ne2 Qh2+ 24. Kf1 Ne4 25. Qd3 Rac8 26. Ned4 g6 27. Rac1 Rxc1 28. Rxc1 Bb8 29. Nc6 Nc3 30. bxc3 Bxc6 31. Bxd5 Bxd5 32. Qxd5 bxc3 33. Rxc3 Qh1+ 34. Ke2 Qb1 35. Nd4 Be5 36. Rd3 Bf6 37. Qc6 1-0

[Event "HUN-chT3 9900"]
[Site "Hungary"]
[Date "2000.03.05"]
[Round "9"]
[White "Lovass, Imre"]
[Black "Szaszak, Andras"]
[Result "1-0"]
[WhiteElo "2205"]
[BlackElo "2250"]
[PlyCount "55"]
[EventDate "1999.09.26"]
[EventType "team"]
[EventRounds "11"]
[EventCountry "HUN"]
[SourceTitle "EXT 2002"]
[Source "ChessBase"]
[SourceDate "2001.11.25"]
[SourceVersion "1"]
[SourceVersionDate "2001.11.25"]
[SourceQuality "1"]

1. d4 Nf6 2. c4 e6 3. Nc3 d5 4. Bg5 c5 5. cxd5 cxd4 6. Qa4+ Qd7 7. Qxd4 Nc6 8. Qh4 Nxd5 9. 0-0-0 Qc7 10. Nb5 Qa5 11. e4 Nf6 12. Bxf6 gxf6 13. Qxf6 Rg8 14. Nf3 a6 15. Ne5 Nxe5 16. Qxe5 Bh6+ 17. f4 axb5 18. Bxb5+ Kf8 19. g3 Qb6 20. Qf6 Bxf4+ 21. gxf4 Qe3+ 22. Kb1 Qxe4+ 23. Ka1 Bd7 24. Bxd7 Qc4 25. a3 Rxa3+ 26. bxa3 Rg2 27. Qh8+ Ke7 28. Qd8+ 1-0

[Event "HUN-chT3 9900"]
[Site "Hungary"]
[Date "1999.10.03"]
[Round "2"]
[White "Horvath, Laszlo"]
[Black "Szaszak, Andras"]
[Result "1-0"]
[WhiteElo "2110"]
[BlackElo "2250"]
[PlyCount "79"]
[EventDate "1999.09.26"]
[EventType "team"]
[EventRounds "11"]
[EventCountry "HUN"]
[SourceTitle "EXT 2002"]
[Source "ChessBase"]
[SourceDate "2001.11.25"]
[SourceVersion "1"]
[SourceVersionDate "2001.11.25"]
[SourceQuality "1"]

1. e4 c5 2. Nc3 e6 3. g3 Nc6 4. Bg2 g6 5. d3 Bg7 6. Be3 d6 7. Qd2 Rb8 8. Nge2 Nd4 9. 0-0 Ne7 10. f4 0-0 11. g4 f5 12. h3 Qd7 13. Rf2 b6 14. Raf1 Bb7 15. Ng3 Rbe8 16. Nd1 Kh8 17. c3 Ndc6 18. d4 cxd4 19. cxd4 fxe4 20. Bxe4 Na5 21. Bd3 Nd5 22. Be4 Nc4 23. Qd3 Ncxe3 24. Nxe3 Ba6 25. Qxa6 Nxe3 26. Rc1 Rc8 27. Rxc8 Rxc8 28. Qd3 Nc4 29. f5 gxf5 30. gxf5 d5 31. fxe6 Qd8 32. Bg2 Qg5 33. Nf5 Bf6 34. Qf3 Nd2 35. Qxd5 Rc1+ 36. Kh2 Bd8 37. Qe5+ Bf6 38. Qb8+ Bd8 39. e7 Nf3+ 40. Rxf3 1-0

[Event "HUN-chT3 9899"]
[Site "Hungary"]
[Date "1999.04.11"]
[Round "10"]
[White "Csala, Imre"]
[Black "Szaszak, Andras"]
[Result "1/2-1/2"]
[WhiteElo "2260"]
[BlackElo "2250"]
[PlyCount "86"]
[EventDate "1998.09.??"]
[EventType "team"]
[EventRounds "11"]
[EventCountry "HUN"]
[SourceTitle "EXT 2001"]
[Source "ChessBase"]
[SourceDate "2000.11.22"]
[SourceVersion "1"]
[SourceVersionDate "2000.11.22"]
[SourceQuality "1"]

1. d4 d5 2. c4 e6 3. Nc3 Nf6 4. Nf3 c6 5. e3 Nbd7 6. Bd3 dxc4 7. Bxc4 b5 8. Bd3 a6 9. 0-0 c5 10. a4 b4 11. Ne4 Bb7 12. Nxf6+ Nxf6 13. Qe2 cxd4 14. exd4 Be7 15. Rd1 0-0 16. Ne5 Qd5 17. Qf1 a5 18. Be3 Rac8 19. f3 Qd8 20. Qe2 Nd5 21. Bc1 Nf6 22. Bb5 Qb6 23. Bg5 Rfd8 24. Nd7 Qd6 25. Nc5 Bd5 26. Kh1 h6 27. Bh4 Nh5 28. Bf2 Nf4 29. Qf1 Qb6 30. Be3 Bd6 31. Bg1 Qa7 32. Be3 Qe7 33. Ne4 Rc2 34. Rd2 Rdc8 35. Rad1 Rxd2 36. Rxd2 Bb8 37. Ba6 Rd8 38. Qe1 Ng6 39. Bg1 Qa7 40. Qf1 Nf4 41. Rd1 Bc7 42. Rc1 Bb6 43. Nc5 Ra8 1/2-1/2

[Event "HUN-chT3 9899"]
[Site "Hungary"]
[Date "1999.02.28"]
[Round "8"]
[White "Szaszak, Andras"]
[Black "Lovass, Imre"]
[Result "1-0"]
[WhiteElo "2250"]
[BlackElo "2200"]
[PlyCount "65"]
[EventDate "1998.09.??"]
[EventType "team"]
[EventRounds "11"]
[EventCountry "HUN"]
[SourceTitle "EXT 2001"]
[Source "ChessBase"]
[SourceDate "2000.11.22"]
[SourceVersion "1"]
[SourceVersionDate "2000.11.22"]
[SourceQuality "1"]

1. e4 e6 2. d4 d5 3. Nd2 b6 4. Ngf3 Nf6 5. e5 Nfd7 6. c4 Bb7 7. cxd5 Bxd5 8. Bc4 Bxc4 9. Nxc4 Bb4+ 10. Bd2 Be7 11. 0-0 Nf8 12. Qe2 Qd5 13. Rfd1 Ng6 14. g3 h6 15. Bc3 Qb7 16. Ne3 c6 17. h4 Na6 18. d5 exd5 19. Nf5 Nc5 20. h5 Nf8 21. Nxg7+ Kd8 22. e6 f6 23. Nd4 Ne4 24. Nxc6+ Kc8 25. Nxe7+ Qxe7 26. Rxd5 Nxc3 27. Rc1 Kb7 28. Rxc3 a5 29. Nf5 Qxe6 30. Nd6+ Kb8 31. Rc8+ Qxc8 32. Nxc8 Kxc8 33. Qe7 1-0

[Event "HUN-chT3 9899"]
[Site "Hungary"]
[Date "1999.02.21"]
[Round "7"]
[White "Dani, Tamas"]
[Black "Szaszak, Andras"]
[Result "1/2-1/2"]
[WhiteElo "2088"]
[BlackElo "2250"]
[PlyCount "65"]
[EventDate "1998.09.??"]
[EventType "team"]
[EventRounds "11"]
[EventCountry "HUN"]
[SourceTitle "EXT 2001"]
[Source "ChessBase"]
[SourceDate "2000.11.22"]
[SourceVersion "1"]
[SourceVersionDate "2000.11.22"]
[SourceQuality "1"]

1. e4 c5 2. c3 d5 3. exd5 Qxd5 4. d4 e6 5. Nf3 Nf6 6. Be2 Be7 7. 0-0 0-0 8. c4 Qd8 9. dxc5 Bxc5 10. a3 b6 11. b4 Be7 12. h3 Bb7 13. Be3 Nbd7 14. Nc3 Ne4 15. Nxe4 Bxe4 16. Qb3 Bf6 17. Ra2 Qc7 18. Rd2 Rfd8 19. Rfd1 Ne5 20. Nxe5 Bxe5 21. c5 Rxd2 22. Rxd2 bxc5 23. Bxc5 Bh2+ 24. Kh1 Bf4 25. Rd4 Bd5 26. Qd1 Be5 27. Rd3 a5 28. Bf3 axb4 29. Bxd5 exd5 30. Rxd5 bxa3 31. Bxa3 h6 32. Rd3 Qc4 33. Rf3 1/2-1/2

[Event "HUN-chT2"]
[Site "Hungary"]
[Date "1997.??.??"]
[Round "?"]
[White "Palffy, Istvan"]
[Black "Szaszak, Andras"]
[Result "0-1"]
[WhiteElo "2105"]
[BlackElo "2255"]
[PlyCount "54"]
[EventDate "1997.??.??"]
[EventType "team-swiss"]
[EventRounds "13"]
[EventCountry "HUN"]
[SourceTitle "EXT 2006"]
[Source "ChessBase"]
[SourceDate "2005.11.24"]
[SourceVersion "1"]
[SourceVersionDate "2005.11.24"]
[SourceQuality "1"]

1. e4 c5 2. c3 d5 3. exd5 Qxd5 4. d4 Nf6 5. Nf3 e6 6. Be2 Be7 7. 0-0 0-0 8. Nbd2 Nc6 9. Nb3 cxd4 10. Nfxd4 Bd7 11. Bf3 Qd6 12. Nxc6 Bxc6 13. Bxc6 Qxc6 14. Bg5 Rfd8 15. Qe2 h6 16. Bh4 Rd7 17. Rfd1 Rad8 18. Rd4 Rxd4 19. Nxd4 Qd5 20. Kf1 a6 21. Qf3 Ne4 22. Qh3 Bxh4 23. Qxh4 e5 24. Nf3 Qd3+ 25. Ke1 f6 26. Rc1 Nd2 27. Ra1 Qf1# 0-1

[Event "HUN-chT2"]
[Site "Hungary"]
[Date "1997.??.??"]
[Round "8"]
[White "Szaszak, Andras"]
[Black "Revesz, Bela"]
[Result "1/2-1/2"]
[WhiteElo "2255"]
[BlackElo "2125"]
[PlyCount "39"]
[EventDate "1997.??.??"]
[EventType "team-swiss"]
[EventRounds "13"]
[EventCountry "HUN"]
[SourceTitle "EXT 2006"]
[Source "ChessBase"]
[SourceDate "2005.11.24"]
[SourceVersion "1"]
[SourceVersionDate "2005.11.24"]
[SourceQuality "1"]

1. e4 c5 2. Nf3 d6 3. d4 cxd4 4. Nxd4 Nf6 5. Nc3 g6 6. Be3 Bg7 7. f3 0-0 8. Qd2 Nc6 9. Bc4 Nd7 10. h4 Nde5 11. Bb3 Nxd4 12. Bxd4 Be6 13. 0-0-0 Qa5 14. Kb1 Rfc8 15. Nd5 Qxd2 16. Rxd2 Bxd5 17. Bxd5 Bh6 18. Rdd1 Nc6 19. Bc3 Bg7 20. Bxg7 1/2-1/2

[Event "HUN-chT2"]
[Site "Hungary"]
[Date "1997.??.??"]
[Round "11"]
[White "Walton, Colin"]
[Black "Szaszak, Andras"]
[Result "0-1"]
[WhiteElo "2280"]
[BlackElo "2255"]
[PlyCount "90"]
[EventDate "1997.??.??"]
[EventType "team-swiss"]
[EventRounds "13"]
[EventCountry "HUN"]
[SourceTitle "EXT 2006"]
[Source "ChessBase"]
[SourceDate "2005.11.24"]
[SourceVersion "1"]
[SourceVersionDate "2005.11.24"]
[SourceQuality "1"]

1. e4 c5 2. Nf3 e6 3. d4 cxd4 4. Nxd4 Nf6 5. Bd3 Nc6 6. Be3 d5 7. Nxc6 bxc6 8. Nd2 Qc7 9. 0-0 Be7 10. c4 0-0 11. Rc1 dxe4 12. Nxe4 Nxe4 13. Bxe4 f5 14. Bb1 e5 15. f3 Be6 16. Qe1 c5 17. Bd2 a5 18. Bc3 Bf6 19. Qe2 Rfe8 20. Rfe1 Qf7 21. b3 g6 22. Qb2 Bd7 23. f4 Bc6 24. fxe5 Bh4 25. Rf1 Ra7 26. Rcd1 Ba8 27. Qd2 Re6 28. Qe3 Qe7 29. Rd5 Bg5 30. Qe2 Bh6 31. Re1 Bc6 32. Qf2 Bf8 33. Qd2 a4 34. Rd6 axb3 35. axb3 Rd7 36. Rxd7 Bxd7 37. Ba2 Ra6 38. Rb1 Be6 39. b4 Qa7 40. Rb2 cxb4+ 41. Bd4 Bc5 42. Bxc5 Qxc5+ 43. Qf2 Qxe5 44. Bb1 Qc3 45. Rc2 Ra1 0-1

[Event "HUN-chT2 9596"]
[Site "Hungary"]
[Date "1995.??.??"]
[Round "6"]
[White "Radics, Laszlo"]
[Black "Szaszak, Andras"]
[Result "0-1"]
[WhiteElo "2115"]
[BlackElo "2265"]
[PlyCount "54"]
[EventDate "1995.??.??"]
[EventType "team"]
[EventRounds "11"]
[EventCountry "HUN"]
[SourceTitle "EXT 2000"]
[Source "ChessBase"]
[SourceDate "1999.11.16"]
[SourceVersion "1"]
[SourceVersionDate "1999.11.16"]
[SourceQuality "1"]

1. e4 c5 2. Nf3 e6 3. d4 cxd4 4. Nxd4 Nf6 5. Nc3 d6 6. Be3 Nc6 7. Bc4 a6 8. Qe2 Qc7 9. Bb3 b5 10. Nxc6 Qxc6 11. Bd4 Be7 12. 0-0-0 0-0 13. Nd5 exd5 14. Bxf6 Bxf6 15. Bxd5 Qc5 16. Bxa8 Be6 17. Bd5 Rc8 18. Bxe6 fxe6 19. Rd3 a5 20. g3 a4 21. f4 b4 22. Kb1 a3 23. b3 Bd4 24. Rhd1 g6 25. Rxd4 Qc3 26. Kc1 Qb2+ 27. Kd2 Rxc2+ 0-1

[Event "HUN-chT2 9596"]
[Site "Hungary"]
[Date "1995.??.??"]
[Round "3"]
[White "Szaszak, Andras"]
[Black "Bauer, Peter1111"]
[Result "1/2-1/2"]
[WhiteElo "2265"]
[BlackElo "2265"]
[PlyCount "52"]
[EventDate "1995.??.??"]
[EventType "team"]
[EventRounds "11"]
[EventCountry "HUN"]
[SourceTitle "EXT 2000"]
[Source "ChessBase"]
[SourceDate "1999.11.16"]
[SourceVersion "1"]
[SourceVersionDate "1999.11.16"]
[SourceQuality "1"]

1. e4 c5 2. Nf3 Nc6 3. d4 cxd4 4. Nxd4 Qc7 5. Nc3 e6 6. Be2 a6 7. 0-0 b5 8. Be3 Bb7 9. f4 Bc5 10. Qd2 Qb6 11. Rad1 Nf6 12. e5 Nxd4 13. Bxd4 Ne4 14. Nxe4 Bxe4 15. Bf3 Bc6 16. Qe3 Bxd4 17. Qxd4 Qxd4+ 18. Rxd4 Bxf3 19. Rxf3 Ke7 20. Rfd3 Rhd8 21. Rd6 Ra7 22. Kf2 Rc8 23. c3 Rc5 24. Ke3 f6 25. Ke4 fxe5 26. fxe5 Rc4+ 1/2-1/2